[Event "RUS-ch Silent"]
[Site "Zelenograd"]
[Date "2022.04.11"]
[Round "3"]
[White "Smirnov, Andrey"]
[Black "Shalagin, Vladimir"]
[Result "1-0"]
[WhiteElo "1915"]
[BlackElo "1999"]
[PlyCount "111"]
[EventDate "2022.04.09"]
[EventType "swiss"]
[EventRounds "11"]
[EventCountry "RUS"]
[SourceTitle "EXT 2023"]
[Source "ChessBase"]
[SourceDate "2022.10.05"]
[SourceVersion "1"]
[SourceVersionDate "2022.10.05"]
[SourceQuality "1"]

1. d4 Nf6 2. Nf3 e6 3. c4 d5 4. g3 Be7 5. Bg2 0-0 6. 0-0 dxc4 7. Qc2 b5 8. a4 c6 9. axb5 Bb7 10. Qxc4 cxb5 11. Qxb5 Bc6 12. Qa5 Qxa5 13. Rxa5 Bb4 14. Ra1 Rd8 15. Bd2 Be7 16. Ba5 Rc8 17. Nbd2 Nbd7 18. Rfc1 Rab8 19. Nc4 g6 20. Nfe5 Bb5 21. Nxd7 Nxd7 22. b3 Nf6 23. Bd2 Rd8 24. Rxa7 Rd7 25. Rxd7 Bxd7 26. Ne5 Be8 27. Bc6 Bd6 28. Bxe8 Nxe8 29. b4 Bxb4 30. Bxb4 Rxb4 31. Rc8 Kf8 32. Nc6 Rb2 33. e4 f6 34. e5 fxe5 35. dxe5 Rc2 36. h4 Rd2 37. Nd8 Ke7 38. Nxe6 Re2 39. Ng5 h6 40. Nf3 Ra2 41. Rc6 Kf7 42. h5 gxh5 43. Rxh6 Ng7 44. Ng5+ Ke7 45. Rh7 Kf8 46. Rh8+ Ke7 47. Rg8 Nf5 48. Rh8 Ng7 49. Rh6 Re2 50. Nf3 Kf7 51. Kf1 Rb2 52. Ng5+ Ke7 53. Rf6 Ne8 54. Rf7+ Kd8 55. Ne6+ Kc8 56. Re7 1-0

[Event "RUS-ch Silent"]
[Site "Zelenograd"]
[Date "2022.04.09"]
[Round "1"]
[White "Smirnov, Andrey"]
[Black "Kudriavtsev, Yury"]
[Result "1-0"]
[WhiteElo "1915"]
[BlackElo "1727"]
[PlyCount "97"]
[EventDate "2022.04.09"]
[EventType "swiss"]
[EventRounds "11"]
[EventCountry "RUS"]
[SourceTitle "EXT 2023"]
[Source "ChessBase"]
[SourceDate "2022.10.05"]
[SourceVersion "1"]
[SourceVersionDate "2022.10.05"]
[SourceQuality "1"]

1. c4 c5 2. Nc3 e6 3. Nf3 d5 4. cxd5 exd5 5. d4 Nc6 6. g3 Nf6 7. Bg2 Be7 8. 0-0 0-0 9. Bg5 cxd4 10. Nxd4 h6 11. Be3 Re8 12. a3 Bg4 13. Qc2 Bf8 14. Rad1 Rc8 15. Nxc6 Rxc6 16. Qd3 Qd7 17. Rfe1 Bf5 18. Qd2 Qc8 19. Nxd5 Nxd5 20. Qxd5 Rc2 21. Rc1 b6 22. Rxc2 Qxc2 23. Qd2 Qc8 24. Rc1 Qe6 25. Qd5 Qg6 26. Qc6 Re6 27. Qc7 a5 28. Qb8 Qf6 29. Bd5 Rd6 30. Qb7 Rd7 31. Rc7 Rxd5 32. Qxd5 Be6 33. Qd4 Qg6 34. Qxb6 Kh7 35. Qd4 Bh3 36. Qd3 Bf5 37. Qc3 Bh3 38. f3 h5 39. Rc6 Qb1+ 40. Qc1 Qa2 41. Qc2+ g6 42. Kf2 Bg7 43. Qc4 Qb1 44. Qc1 Qa2 45. Rc7 Be6 46. Qd2 Bh3 47. Rc1 Bxb2 48. Bd4 Qd5 49. Qxb2 1-0

[Event "RUS-ch Silent"]
[Site "Zelenograd"]
[Date "2020.10.06"]
[Round "4"]
[White "Smirnov, Andrey"]
[Black "Shalagin, Vladimir"]
[Result "0-1"]
[WhiteElo "2049"]
[BlackElo "1950"]
[PlyCount "110"]
[EventDate "2020.10.03"]
[EventType "swiss"]
[EventRounds "11"]
[EventCountry "RUS"]
[SourceTitle "EXT 2022"]
[Source "ChessBase"]
[SourceDate "2021.10.06"]
[SourceVersion "1"]
[SourceVersionDate "2021.10.06"]
[SourceQuality "1"]

1. d4 Nf6 2. Nf3 g6 3. c4 Bg7 4. Nc3 0-0 5. Bg5 d6 6. e3 Nbd7 7. Be2 c5 8. d5 h6 9. Bh4 Ne5 10. Nxe5 dxe5 11. 0-0 Ne8 12. e4 Nd6 13. Bd3 Qe8 14. a4 a6 15. a5 Bd7 16. f3 f5 17. Bf2 Rc8 18. Qe2 Rc7 19. Rfb1 Qc8 20. Kh1 f4 21. b4 cxb4 22. Rxb4 g5 23. Na4 Bxa4 24. Rbxa4 h5 25. c5 Rxc5 26. Bxc5 Qxc5 27. R4a2 Bf6 28. Rc2 Qd4 29. Rb1 Kf7 30. Qd2 g4 31. Qc3 Qe3 32. Re1 Qa7 33. Qc5 Qb8 34. Qb6 Qe8 35. Rc7 Qd8 36. Qc5 Bh4 37. Rf1 Rg8 38. Bc2 Rg6 39. Ba4 Qh8 40. Bd7 Kg7 41. Be6 Kh6 42. Bf5 Rg7 43. Rd7 Qf8 44. Be6 Qf6 45. Rd8 Kh7 46. Rb8 Qg5 47. Rg1 Bg3 48. Qc7 Bxh2 49. Qd8 Bxg1 50. Qh8+ Kg6 51. Bf5+ Nxf5 52. exf5+ Qxf5 53. Rg8 Rxg8 54. Qxg8+ Kh6 55. Kxg1 Qb1+ 0-1

[Event "RUS-ch Silent"]
[Site "Zelenograd"]
[Date "2019.04.07"]
[Round "5"]
[White "Smirnov, Andrey"]
[Black "Ivanov, Nikolay A"]
[Result "1-0"]
[WhiteElo "2081"]
[BlackElo "1854"]
[PlyCount "59"]
[EventDate "2019.04.03"]
[EventType "swiss"]
[EventRounds "11"]
[EventCountry "RUS"]
[SourceTitle "CBM 190 Extra"]
[Source "ChessBase"]
[SourceDate "2019.07.15"]
[SourceVersion "1"]
[SourceVersionDate "2019.07.15"]
[SourceQuality "1"]

1. d4 Nf6 2. Nf3 g6 3. Bg5 Bg7 4. e3 0-0 5. Nbd2 d6 6. Bc4 a6 7. c3 b5 8. Bd3 c5 9. 0-0 Nbd7 10. a4 Rb8 11. axb5 axb5 12. Qe2 b4 13. Nc4 Qc7 14. Rfc1 Bb7 15. cxb4 Bxf3 16. Qxf3 Rxb4 17. Qd1 Rfb8 18. Rc2 h6 19. Bh4 R4b7 20. Be2 Ra7 21. Rac1 Rb4 22. Bf3 Ra2 23. Bg3 Qa7 24. dxc5 Nxc5 25. Nxd6 exd6 26. Bxd6 Na6 27. Rc8+ Kh7 28. Bxb4 Nxb4 29. Qb3 Qb6 30. Qxf7 1-0

[Event "RUS-ch Silent"]
[Site "Zelenograd"]
[Date "2019.04.04"]
[Round "2"]
[White "Davydov, Evgeny G"]
[Black "Smirnov, Andrey"]
[Result "1-0"]
[WhiteElo "1956"]
[BlackElo "2081"]
[PlyCount "133"]
[EventDate "2019.04.03"]
[EventType "swiss"]
[EventRounds "11"]
[EventCountry "RUS"]
[SourceTitle "CBM 190 Extra"]
[Source "ChessBase"]
[SourceDate "2019.07.15"]
[SourceVersion "1"]
[SourceVersionDate "2019.07.15"]
[SourceQuality "1"]

1. d4 d5 2. Bf4 c5 3. c3 cxd4 4. cxd4 Nc6 5. Nf3 Nf6 6. Nc3 Bf5 7. e3 e6 8. Bb5 Nd7 9. 0-0 Be7 10. Ne5 Ndxe5 11. Bxe5 0-0 12. Bxc6 bxc6 13. Na4 Qa5 14. Rc1 Rfc8 15. a3 Qb5 16. Rc3 a5 17. f3 Bg6 18. Rf2 Rd8 19. Rd2 f6 20. Bg3 Rac8 21. Nc5 Bxc5 22. Rxc5 Qb6 23. Qa4 Be8 24. Qxa5 Qb3 25. Qc3 Qb7 26. h3 Ra8 27. Ra5 Qb6 28. Rxa8 Rxa8 29. Bd6 Qb5 30. Bb4 Bd7 31. Qc5 Qxc5 32. Bxc5 Bc8 33. Rc2 Ba6 34. Bb4 Rc8 35. Rc5 Kf7 36. Kf2 Ke8 37. Ra5 Ra8 38. Bc5 Bb7 39. Rxa8+ Bxa8 40. a4 Bb7 41. a5 Ba6 42. h4 h5 43. e4 g5 44. g3 Kd7 45. Ke3 gxh4 46. gxh4 e5 47. b4 Ke6 48. Bb6 Bb5 49. Bc7 Ba6 50. f4 exf4+ 51. Kxf4 Bd3 52. e5 Bb5 53. exf6 Kxf6 54. Bd8+ Ke6 55. Kg5 Be2 56. Kg6 Kd7 57. Bf6 Ke6 58. Be5 Bd3+ 59. Kxh5 Kf5 60. Kh6 Kg4 61. h5 Kh4 62. Kg7 Kxh5 63. Kf6 Kg4 64. Ke6 Bb5 65. Kd6 Kf5 66. Kc5 Ke6 67. Kb6 1-0

[Event "RUS-ch Silent"]
[Site "Zelenograd"]
[Date "2018.10.26"]
[Round "2"]
[White "Smirnov, Andrey"]
[Black "Shajakhmetov, Ildar"]
[Result "1-0"]
[WhiteElo "2095"]
[BlackElo "1837"]
[PlyCount "67"]
[EventDate "2018.10.25"]
[EventType "swiss"]
[EventRounds "11"]
[EventCountry "RUS"]
[SourceTitle "EXT 2020"]
[Source "ChessBase"]
[SourceDate "2019.10.17"]
[SourceVersion "1"]
[SourceVersionDate "2019.10.17"]
[SourceQuality "1"]

1. Nf3 d5 2. d4 c6 3. c4 e6 4. e3 Bd6 5. Nc3 Nf6 6. Qc2 0-0 7. Bd3 dxc4 8. Bxc4 Nbd7 9. 0-0 b5 10. Bd3 Bb7 11. e4 e5 12. Rd1 Qe7 13. h3 Rac8 14. Re1 h6 15. Be3 b4 16. Na4 c5 17. d5 Nb6 18. Nh4 Qd7 19. Nxb6 axb6 20. Nf5 Bb8 21. Qd2 c4 22. Bxh6 Ne8 23. Qg5 f6 24. Qg4 cxd3 25. Bxg7 Qxf5 26. Qxf5 Nxg7 27. Qd7 Rc7 28. Qb5 d2 29. Red1 Rc2 30. Qxb4 Rfc8 31. Rxd2 Rc1+ 32. Rxc1 Rxc1+ 33. Kh2 Bc7 34. Qe7 1-0

[Event "RUS-ch Silent"]
[Site "Zelenograd"]
[Date "2017.09.23"]
[Round "7"]
[White "Smirnov, Andrey"]
[Black "Ivanov, Nikolay A"]
[Result "0-1"]
[WhiteElo "2154"]
[BlackElo "1838"]
[PlyCount "106"]
[EventDate "2017.09.19"]
[EventType "swiss"]
[EventRounds "11"]
[EventCountry "RUS"]
[SourceTitle "EXT 2019"]
[Source "ChessBase"]
[SourceDate "2018.10.10"]
[SourceVersion "1"]
[SourceVersionDate "2018.10.10"]
[SourceQuality "1"]

1. d4 Nf6 2. Nf3 g6 3. g3 b6 4. Bg2 Bb7 5. c4 Bg7 6. Nc3 Ne4 7. 0-0 0-0 8. Re1 c5 9. Qc2 Nxc3 10. bxc3 Nc6 11. d5 Na5 12. Nd2 d6 13. e4 Qd7 14. Bf1 Ba6 15. Rb1 e5 16. Bd3 Bh6 17. Nb3 Bxc1 18. Nxa5 Bh6 19. Nb3 f5 20. Nd2 f4 21. Kg2 Rf6 22. f3 fxg3 23. hxg3 Raf8 24. Rf1 Bc8 25. g4 Bg5 26. Be2 Qf7 27. Nb3 Bxg4 28. Qd3 Bc8 29. Na1 Rf4 30. Rh1 Bh4 31. Rbg1 Rg4+ 32. Kf1 Rxg1+ 33. Kxg1 Qf4 34. Rh2 Qg3+ 35. Rg2 Qe1+ 36. Kh2 Qxa1 37. Qd2 Rf4 38. Rg1 Bg3+ 39. Rxg3 Rh4+ 40. Kg2 Qh1+ 41. Kf2 Qh2+ 42. Rg2 Qf4 43. Qxf4 Rxf4 44. Ke3 Rh4 45. Bd1 Kf7 46. Be2 Kf6 47. Kf2 Rh1 48. Ke3 g5 49. Kf2 Ra1 50. Rh2 Kg6 51. Ke3 Rxa2 52. Kd3 Kg7 53. f4 exf4 0-1

[Event "Moscow-ch Silent"]
[Site "Moscow"]
[Date "2017.08.23"]
[Round "9"]
[White "Muratov, Lir"]
[Black "Smirnov, Andrey"]
[Result "0-1"]
[WhiteElo "1901"]
[BlackElo "2138"]
[PlyCount "54"]
[EventDate "2017.08.15"]
[EventType "tourn"]
[EventRounds "11"]
[EventCountry "RUS"]
[SourceTitle "EXT 2022"]
[Source "ChessBase"]
[SourceDate "2021.10.06"]
[SourceVersion "1"]
[SourceVersionDate "2021.10.06"]
[SourceQuality "1"]

1. e4 b6 2. d4 Bb7 3. Nc3 e6 4. Nf3 Bb4 5. Bd2 Bxc3 6. Bxc3 Bxe4 7. Bd3 Nf6 8. Qe2 Bxd3 9. Qxd3 0-0 10. 0-0 d5 11. Ne5 Ne4 12. f3 Nxc3 13. Qxc3 Qd6 14. Rfe1 c5 15. dxc5 bxc5 16. Rad1 Nc6 17. Nxc6 Qxc6 18. a3 Qb6 19. b4 cxb4+ 20. Qe3 bxa3 21. Ra1 Rfc8 22. Rxa3 Qxe3+ 23. Rexe3 Rxc2 24. Reb3 g6 25. Rb7 Kg7 26. Raxa7 Rxa7 27. Rxa7 h5 0-1

[Event "Zelenograd-ch"]
[Site "Zelenograd"]
[Date "2016.09.26"]
[Round "11"]
[White "Smirnov, Andrey"]
[Black "Malyuga, Valentin"]
[Result "1/2-1/2"]
[WhiteElo "2142"]
[BlackElo "2110"]
[PlyCount "86"]
[EventDate "2016.09.19"]
[EventType "swiss"]
[EventRounds "11"]
[EventCountry "RUS"]
[SourceTitle "EXT 2017"]
[Source "ChessBase"]
[SourceDate "2016.10.25"]
[SourceVersion "1"]
[SourceVersionDate "2016.10.25"]
[SourceQuality "1"]

1. Nf3 Nf6 2. d4 g6 3. g3 Bg7 4. Bg2 0-0 5. 0-0 d6 6. c4 c6 7. Nc3 Qa5 8. e4 Qh5 9. Ng5 Qxd1 10. Rxd1 h6 11. Nf3 Bg4 12. h3 Bxf3 13. Bxf3 Nbd7 14. Be2 Rfd8 15. Be3 a6 16. a4 e6 17. Ra3 Bf8 18. Rb3 Rab8 19. a5 Kg7 20. g4 Be7 21. Kg2 Ne8 22. Na4 Nc7 23. Bf4 g5 24. Bg3 e5 25. dxe5 Nxe5 26. Bxe5+ dxe5 27. Rxd8 Bxd8 28. Nc5 Ne6 29. Rxb7 Rxb7 30. Nxb7 Be7 31. c5 Nxc5 32. Nxc5 Bxc5 33. Bxa6 Bb4 34. Bb7 Bxa5 35. Bxc6 Kf6 36. Kf3 Ke7 37. Bd5 f6 38. Kg3 Kd6 39. h4 Bd2 40. h5 Kc5 41. Kf3 Bc1 42. b3 Kb4 43. Ke2 Kc3 1/2-1/2

[Event "Zelenograd-ch"]
[Site "Zelenograd"]
[Date "2016.09.22"]
[Round "6"]
[White "Smirnov, Andrey"]
[Black "Chernov, Igor2222"]
[Result "1-0"]
[WhiteElo "2142"]
[BlackElo "2090"]
[PlyCount "55"]
[EventDate "2016.09.19"]
[EventType "swiss"]
[EventRounds "11"]
[EventCountry "RUS"]
[SourceTitle "EXT 2017"]
[Source "ChessBase"]
[SourceDate "2016.10.25"]
[SourceVersion "1"]
[SourceVersionDate "2016.10.25"]
[SourceQuality "1"]

1. d4 Nf6 2. c4 e6 3. Nf3 d5 4. g3 b6 5. Bg2 Bb7 6. Nc3 dxc4 7. Qa4+ Nfd7 8. Qxc4 Be7 9. Bf4 c5 10. d5 Ba6 11. Qa4 Bf6 12. dxe6 fxe6 13. Bxb8 Bxc3+ 14. bxc3 Qf6 15. Be5 b5 16. Qxa6 Nxe5 17. Nxe5 Qxe5 18. Qxb5+ Ke7 19. 0-0 Rab8 20. Qc4 Rhf8 21. Qh4+ g5 22. Qc4 Rf6 23. Rab1 Rd8 24. Rb7+ Kf8 25. Rxh7 Kg8 26. Rxa7 Rd2 27. Bf3 Rc2 28. Qa4 1-0

[Event "RUS-ch Silent"]
[Site "Zelenograd"]
[Date "2015.06.09"]
[Round "10"]
[White "Malyuga, Valentin"]
[Black "Smirnov, Andrey"]
[Result "0-1"]
[WhiteElo "2105"]
[BlackElo "2177"]
[PlyCount "188"]
[EventDate "2015.06.02"]
[EventType "swiss"]
[EventRounds "11"]
[EventCountry "RUS"]
[SourceTitle "EXT 2018"]
[Source "ChessBase"]
[SourceDate "2017.10.13"]
[SourceVersion "1"]
[SourceVersionDate "2017.10.13"]
[SourceQuality "1"]

1. d4 Nf6 2. Nf3 e6 3. g3 c5 4. c3 Nc6 5. Bg2 d5 6. 0-0 Be7 7. Nbd2 b6 8. Re1 cxd4 9. cxd4 Bb7 10. Qa4 Qd7 11. a3 0-0 12. e3 Rfc8 13. Bf1 a6 14. Qd1 Bd6 15. b4 Ne4 16. Nxe4 dxe4 17. Ng5 Be7 18. Qh5 Bxg5 19. Qxg5 Ne7 20. Bb2 Bd5 21. Rac1 h6 22. Qg4 Rxc1 23. Rxc1 Rc8 24. Qd1 Bb7 25. Be2 Nd5 26. Qf1 b5 27. Rc5 Nb6 28. Bd1 Bd5 29. Bc2 f5 30. Qa1 Qb7 31. Bd1 Nd7 32. Rxc8+ Qxc8 33. Qc1 Qxc1 34. Bxc1 Bc4 35. f3 Bd5 36. fxe4 Bxe4 37. a4 Bc6 38. axb5 axb5 39. Kf2 Nf6 40. Bc2 Kf7 41. h3 h5 42. Bd2 g5 43. Bd3 g4 44. h4 Ke7 45. Be1 Kd6 46. Ke2 Kc7 47. Kd1 Kb6 48. Kc1 Bd5 49. Kb2 Be4 50. Be2 Kc6 51. Kc1 Bd5 52. Bf1 Ne8 53. Bd3 Nd6 54. Bf1 Bc4 55. Bg2+ Bd5 56. Bf1 Bh1 57. Kc2 Kd5 58. Kd2 Ke4 59. Bd3+ Kd5 60. Bf1 Ke4 61. Bd3+ Kf3 62. Be2+ Kg2 63. Bd3 Kh2 64. Bf2 Bd5 65. Be1 Kg2 66. Kc3 Bc4 67. Bc2 Kf3 68. Kd2 Ne4+ 69. Bxe4+ fxe4 70. Kc3 Kxe3 71. Bd2+ Kf3 72. d5 e5 73. d6 Be6 74. Be1 e3 75. Kc2 e4 76. Kd1 Bd7 77. Bc3 Kxg3 78. Ke2 Kxh4 79. Kxe3 Kg3 80. Be1+ Kh3 81. Kxe4 h4 82. Kf4 g3 83. Kg5 g2 84. Bf2 Kh2 85. Kxh4 g1Q 86. Bxg1+ Kxg1 87. Kg5 Kf2 88. Kf6 Ke3 89. Ke7 Bc6 90. d7 Bxd7 91. Kxd7 Kd3 92. Kd6 Kc4 93. Ke5 Kxb4 94. Kd4 Kb3 0-1

[Event "RUS-ch Silent"]
[Site "Zelenograd"]
[Date "2011.09.14"]
[Round "4"]
[White "Gerasimov, Aleksander"]
[Black "Smirnov, Andrey"]
[Result "1/2-1/2"]
[WhiteElo "2230"]
[BlackElo "2184"]
[PlyCount "27"]
[EventDate "2011.09.12"]
[EventType "swiss"]
[EventRounds "9"]
[EventCountry "RUS"]
[SourceTitle "EXT 2012"]
[Source "ChessBase"]
[SourceDate "2011.11.24"]
[SourceVersion "1"]
[SourceVersionDate "2011.11.24"]
[SourceQuality "1"]

1. d4 c6 2. c4 d5 3. Nf3 Nf6 4. Nc3 dxc4 5. a4 Bf5 6. e3 e6 7. Bxc4 Bb4 8. 0-0 Nbd7 9. Qe2 Ne4 10. Nxe4 Bxe4 11. Nd2 Bg6 12. Nb3 Nb6 13. Bd3 Bxd3 14. Qxd3 1/2-1/2